000
00263nam a2200097Ia 4500
001
1250591
005
20251031150859.0
008
251031s9999 xx 000 0 und d
245
0
_c
HAYATİ İNANÇ
_a
B-5 CAN VEREN PERVANELER
260
_b
BABIALİ KÜLTÜR YAYINLARI
999
_c
1250591
_d
1250591